[Event "Sydney International Open"]
[Site "*"]
[Date "2007.04.11"]
[Round "2.58"]
[White "Reid, Vaness"]
[Black "Nomat, Emil-Lion"]
[Result "1-0"]
[WhiteElo "1885"]
[BlackElo "1461"]
[PlyCount "125"]

1. d4 d5 2. c4 e6 3. Nc3 Nf6 4. Bg5 Be7 5. Nf3 O-O 6. e3 Re8 7. cxd5 Nxd5 8.
Bxe7 Qxe7 9. Bd3 Nd7 10. O-O Nf8 11. e4 Nf4 12. Bc2 b6 13. Ne2 N8g6 14. Nxf4
Nxf4 15. Qd2 Ng6 16. Rac1 Bd7 17. Qc3 Rac8 18. Ba4 Red8 19. Bc6 Bxc6 20. Qxc6
Nf4 21. Rc2 Qf6 22. Rd1 Qg6 23. Ne1 Qh5 24. f3 Qa5 25. Qb7 c5 26. a3 c4 27. g3
Qg5 28. Ng2 Nh3+ 29. Kf1 Qb5 30. Ke1 Qb3 31. Rdd2 Qxf3 32. Rc3 Qf6 33. e5 Qf5
34. Rf3 Qg6 35. Nf4 Nxf4 36. Rxf4 c3 37. bxc3 Rxc3 38. Qxa7 Rdc8 39. Qb7 Qh5
40. Kf1 Qh3+ 41. Qg2 Qxg2+ 42. Kxg2 Rxa3 43. Rb2 Rb8 44. Rf1 Rd3 45. Rb4 Kf8
46. Rc4 Rb7 47. Rb1 Ke7 48. Rb2 f6 49. exf6+ gxf6 50. Kf2 e5 51. Re2 b5 52. Rb4
Kd6 53. dxe5+ fxe5 54. Rbe4 Re7 55. Rb4 Kc5 56. Reb2 Rb7 57. Re4 Rd5 58. Rc2+
Kd6 59. Rh4 b4 60. Rh6+ Ke7 61. Rxh7+ Ke6 62. Rxb7 Rd4 63. Rb2 1-0

[Event "Sydney International Open"]
[Site "*"]
[Date "2007.04.11"]
[Round "2.59"]
[White "Evans, Carrie"]
[Black "Huynh, Arthur"]
[Result "1-0"]
[WhiteElo "1461"]
[BlackElo "1879"]
[PlyCount "125"]

1. c4 Nf6 2. Nc3 e6 3. g3 d5 4. cxd5 exd5 5. d4 c6 6. Bg2 Bd6 7. Nf3 Nbd7 8.
O-O O-O 9. Bd2 Re8 10. Re1 Qb6 11. Qc1 Ne4 12. a3 Ndf6 13. h3 Nxd2 14. Qxd2 Ne4
15. Qc2 h6 16. e3 Bf5 17. Nxe4 Bxe4 18. Qd2 Qc7 19. Nh2 Bf5 20. f4 Qb6 21. g4
Be4 22. Nf3 a5 23. Ne5 f6 24. Bxe4 fxe5 25. fxe5 Bxe5 26. Bg6 Bg3 27. Bxe8 Bxe1
28. Bf7+ Kxf7 29. Rxe1 Re8 30. Qc2 Re4 31. Rf1+ Kg8 32. Qf2 Qd8 33. Qf7+ Kh8
34. Qf8+ Qxf8 35. Rxf8+ Kh7 36. Kf2 Re6 37. Rb8 b5 38. b4 axb4 39. axb4 Kg6 40.
Rf8 h5 41. Kf3 Re4 42. Rc8 hxg4+ 43. hxg4 Re6 44. Rf8 Re7 45. Rc8 Rf7+ 46. Kg3
Rf6 47. Re8 Rf1 48. Re6+ Kg5 49. Rxc6 Rg1+ 50. Kf2 Rxg4 51. Rc5 Re4 52. Rxd5+
Kg4 53. Rxb5 g5 54. Re5 Rxe5 55. dxe5 Kf5 56. b5 Kxe5 57. Kf3 Kd5 58. Kg4 Kc5
59. Kxg5 Kxb5 60. Kf6 Kc6 61. e4 Kd7 62. e5 Ke8 63. Ke6 1-0

[Event "Sydney International Open"]
[Site "*"]
[Date "2007.04.11"]
[Round "2.60"]
[White "Guo-Yuthok, Sherab"]
[Black "Tulic, Ido"]
[Result "1-0"]
[WhiteElo "1877"]
[BlackElo "1450"]
[PlyCount "75"]

1. e4 c5 2. Nc3 Nc6 3. f4 e5 4. Nf3 exf4 5. Bc4 h6 6. O-O d6 7. Qe1 Be6 8. Bd5
Qd7 9. d3 O-O-O 10. Bxc6 Qxc6 11. Bxf4 g5 12. Be3 f6 13. a4 a6 14. d4 Qb6 15.
a5 Qc7 16. Na4 Kd7 17. d5 Bf7 18. Qc3 Ke8 19. b4 Bg7 20. bxc5 Ne7 21. c6 Nc8
22. Rab1 bxc6 23. Bb6 Nxb6 24. axb6 Qb8 25. dxc6 Ke7 26. Nd4 Rc8 27. Nf5+ Kf8
28. c7 Rxc7 29. Qxc7 Qxc7 30. bxc7 Be6 31. Rb8+ Kf7 32. Nxd6+ Ke7 33. Rd1 f5
34. exf5 Bd7 35. Nb6 Be5 36. Ndc8+ Bxc8 37. Nxc8+ Kf6 38. Nd6 1-0

[Event "Sydney International Open"]
[Site "*"]
[Date "2007.04.11"]
[Round "2.61"]
[White "Stahnke, Alexander"]
[Black "Wu, Edwin"]
[Result "1/2-1/2"]
[WhiteElo "1429"]
[BlackElo "1875"]
[PlyCount "89"]

1. c4 e5 2. Nc3 Nc6 3. Nf3 f5 4. d3 Nf6 5. g3 Bb4 6. Bg2 d6 7. O-O Bxc3 8. bxc3
O-O 9. Rb1 Kh8 10. Qc2 Rb8 11. Nd2 Be6 12. Qa4 d5 13. Ba3 Re8 14. Bc5 b6 15.
Rfd1 Qd7 16. cxd5 Bxd5 17. e4 fxe4 18. dxe4 Bf7 19. Nf3 Nd4 20. Qxd7 Nxd7 21.
Bxd4 exd4 22. Rxd4 Nc5 23. e5 a5 24. a3 Bg6 25. Re1 Re7 26. Nh4 Bc2 27. f4 g6
28. g4 Nd3 29. Re2 c5 30. Rd6 Bb1 31. Rf6 b5 32. e6 Rb6 33. f5 Nf4 34. Rd2 Kg7
35. g5 Bxf5 36. Rxf5 Nxg2 37. Kxg2 gxf5 38. Nxf5+ Kf8 39. Nxe7 Kxe7 40. Rd7+
Kxe6 41. Rxh7 Kf5 42. Rc7 Kxg5 43. Rxc5+ Kh6 44. Kf3 b4 45. axb4 1/2-1/2

[Event "Sydney International Open"]
[Site "*"]
[Date "2007.04.11"]
[Round "2.62"]
[White "Rachmadi, Herman"]
[Black "Sweeney, Matthew"]
[Result "1-0"]
[WhiteElo "1862"]
[BlackElo "1267"]
[PlyCount "73"]

1. d4 Nf6 2. c4 c5 3. dxc5 Qa5+ 4. Nc3 Qxc5 5. e3 g6 6. Nf3 Bg7 7. Be2 O-O 8.
O-O d6 9. a3 e5 10. b4 Qc6 11. Bb2 a6 12. a4 Bg4 13. b5 Qd7 14. Qd2 Rd8 15.
Rfd1 e4 16. Ng5 Bxe2 17. Qxe2 Qf5 18. Ncxe4 Nxe4 19. Rd5 Be5 20. Nxe4 Qxe4 21.
Bxe5 Nd7 22. Bxd6 Nb6 23. Rd4 Qe6 24. c5 Nc8 25. Rad1 Qb3 26. Qf3 Nxd6 27. cxd6
Rd7 28. e4 Qxf3 29. gxf3 axb5 30. axb5 f6 31. f4 Kf7 32. e5 Ra5 33. Rc4 Rxb5
34. Rc7 Ke6 35. Rxd7 Kxd7 36. e6+ Kd8 37. e7+ 1-0

[Event "Sydney International Open"]
[Site "*"]
[Date "2007.04.11"]
[Round "2.63"]
[White "Kumar, Dhirendra"]
[Black "Tenorio, Leonardo"]
[Result "1-0"]
[WhiteElo "1314"]
[BlackElo "1861"]
[PlyCount "99"]

1. d4 Nf6 2. e3 d5 3. Bd3 c5 4. c3 c4 5. Bc2 Nc6 6. Nd2 e5 7. dxe5 Nxe5 8. Ndf3
Bg4 9. Ba4+ Bd7 10. Nxe5 b5 11. Nxd7 Qxd7 12. Bc2 Bd6 13. h3 O-O 14. Nf3 Rae8
15. a4 a6 16. b3 b4 17. cxb4 Bxb4+ 18. Bd2 c3 19. Bc1 Qd6 20. O-O h6 21. Ne1 a5
22. Nd3 Ne4 23. Nxb4 axb4 24. Bxe4 Rxe4 25. f3 Rh4 26. f4 Qf6 27. Ra2 Qg6 28.
Rf3 Qe4 29. Qc2 Qe6 30. Qd3 Re8 31. a5 d4 32. Qc4 Qe4 33. Ra1 d3 34. Qxe4 Rxe4
35. a6 Re8 36. Rf2 g5 37. Kh2 gxf4 38. a7 Ra8 39. exf4 d2 40. Bxd2 cxd2 41. g4
Rxa7 42. Rff1 Rc7 43. Kg3 Rc3+ 44. Kxh4 Rxb3 45. Rfd1 Rb2 46. Rab1 Rxb1 47.
Rxb1 b3 48. Kg3 Kg7 49. Kf2 Kg6 50. Ke2 1-0

[Event "Sydney International Open"]
[Site "*"]
[Date "2007.04.11"]
[Round "2.64"]
[White "Dunlop, Gordon"]
[Black "McKenzie, Mark"]
[Result "1-0"]
[WhiteElo "1859"]
[BlackElo "1214"]
[PlyCount "63"]

1. d4 d5 2. c4 e6 3. Nc3 Nf6 4. Bg5 Be7 5. Nf3 O-O 6. cxd5 Nxd5 7. Nxd5 exd5 8.
Bxe7 Qxe7 9. a3 Nc6 10. e3 Bg4 11. Be2 a5 12. O-O Qd6 13. Qc2 f5 14. Rac1 Rf6
15. Qc5 Rd8 16. b4 axb4 17. axb4 b6 18. Qc3 Rg6 19. g3 h5 20. b5 Bxf3 21. Bxf3
h4 22. Qxc6 hxg3 23. Qxd6 gxh2+ 24. Kxh2 Rdxd6 25. Rg1 Rh6+ 26. Kg2 c6 27. bxc6
Rd8 28. c7 Rc8 29. Bxd5+ Kf8 30. Bb7 Rg6+ 31. Kf1 Rxg1+ 32. Kxg1 1-0

[Event "Sydney International Open"]
[Site "*"]
[Date "2007.04.11"]
[Round "2.65"]
[White "Watson, Jean"]
[Black "Redgrave, John"]
[Result "0-1"]
[WhiteElo "1234"]
[BlackElo "1857"]
[PlyCount "68"]

1. d4 c5 2. e3 e6 3. Nf3 Nf6 4. Be2 d5 5. O-O b6 6. b3 Bd6 7. Bb2 O-O 8. c4 Bb7
9. Nc3 a6 10. Rc1 Qe7 11. dxc5 Bxc5 12. Na4 Nbd7 13. Nxc5 Nxc5 14. Qc2 Rac8 15.
Qb1 Nce4 16. Bd4 Qd6 17. Rfd1 Ng4 18. Qb2 f6 19. Rf1 e5 20. Bc3 Nexf2 21. Rxf2
e4 22. g3 Nxf2 23. Kxf2 exf3 24. Bxf3 Rfd8 25. Bd4 b5 26. c5 Qe6 27. b4 Bc6 28.
Kg1 Be8 29. Bg2 Bg6 30. Ra1 Bd3 31. a3 Qg4 32. Qd2 Be4 33. Bf1 Rc6 34. a4 Qf3
0-1

[Event "Sydney International Open"]
[Site "*"]
[Date "2007.04.11"]
[Round "2.66"]
[White "Hvistendahl, Robert"]
[Black "Kumar, Karishma"]
[Result "1-0"]
[WhiteElo "1855"]
[BlackElo "755"]
[PlyCount "141"]

1. e4 e5 2. Nf3 Nc6 3. Bb5 d6 4. d4 Bd7 5. d5 Nce7 6. Bxd7+ Qxd7 7. c4 Nf6 8.
Nc3 Ng6 9. O-O Be7 10. b4 O-O 11. h3 a6 12. a3 b5 13. Qe2 Rab8 14. Be3 c6 15.
dxc6 Qxc6 16. cxb5 Qxc3 17. Bd2 Nf4 18. Bxf4 exf4 19. Rfc1 Qb3 20. Nd4 Qa4 21.
Rc7 Bd8 22. Ra7 Rxb5 23. Nxb5 Qxb5 24. Qxb5 axb5 25. Re1 Re8 26. Rb7 Rxe4 27.
Rxe4 Nxe4 28. Rb8 Kf8 29. Rxd8+ Ke7 30. Rb8 Nc3 31. Kf1 d5 32. Rb6 d4 33. Ke1
Kd7 34. Rb7+ Ke8 35. f3 g6 36. Kd2 Nb1+ 37. Kd3 Nxa3 38. Kxd4 Nc2+ 39. Kc5 Na3
40. Kd5 Kf8 41. Ke5 Kg7 42. Kxf4 Kh6 43. Rxf7 Nc2 44. Rb7 Nxb4 45. Rxb5 Nd3+
46. Ke3 Ne1 47. g3 Nc2+ 48. Kd3 Ne1+ 49. Ke4 Nc2 50. Rb2 Na3 51. Kd4 Kh5 52.
Kc3 h6 53. Rb3 Kg5 54. Rxa3 h5 55. Ra5+ Kh6 56. h4 Kh7 57. Kd4 Kh6 58. Ke4 Kh7
59. Kf4 Kh6 60. Ra6 Kh7 61. Kg5 Kg7 62. Ra7+ Kf8 63. Kf6 Ke8 64. Rh7 Kd8 65.
Ke6 Kc8 66. Kd6 g5 67. hxg5 h4 68. gxh4 Kb8 69. Kc6 Ka8 70. Kb6 Kb8 71. Rh8#
1-0

[Event "Sydney International Open"]
[Site "*"]
[Date "2007.04.11"]
[Round "2.67"]
[White "Kumar, Sanjesh"]
[Black "Escalante, Lorenzo"]
[Result "1-0"]
[WhiteElo "1153"]
[BlackElo "1855"]
[PlyCount "103"]

1. e4 c5 2. c3 Nc6 3. Nf3 d6 4. Bb5 Bd7 5. d3 g6 6. Bf4 Bg7 7. Nbd2 Nf6 8. O-O
O-O 9. h3 a6 10. Ba4 Rc8 11. a3 b5 12. Bc2 a5 13. Rb1 b4 14. axb4 axb4 15. cxb4
Nxb4 16. Nc4 Bb5 17. Bd2 Nc6 18. Ba4 Rb8 19. Bxb5 Rxb5 20. Bc3 e5 21. Qa4 Rb6
22. Nxb6 Qxb6 23. Ra1 Nd4 24. Qa6 Qd8 25. Nxd4 exd4 26. Bd2 Nh5 27. b4 cxb4 28.
Bxb4 Be5 29. Rfc1 Nf4 30. Bd2 Qg5 31. Bxf4 Qxf4 32. g3 Qf3 33. Rc8 Bxg3 34.
Rxf8+ Kxf8 35. fxg3 Qxg3+ 36. Kf1 Qxh3+ 37. Ke2 Qh2+ 38. Kd1 h5 39. Qc8+ Kg7
40. Ra8 Qg1+ 41. Kc2 Qf2+ 42. Kb3 Kh6 43. Qf8+ Kg5 44. Ra5+ Kg4 45. Qc8+ Kh4
46. Qd8+ f6 47. Qxd6 g5 48. Ra6 Qe3 49. Kc4 g4 50. Qxf6+ Kg3 51. Qxd4 Qc1+ 52.
Qc3 1-0

[Event "Sydney International Open"]
[Site "*"]
[Date "2007.04.11"]
[Round "2.68"]
[White "Szuveges, Narelle S"]
[Black "Tan, Justin"]
[Result "1-0"]
[WhiteElo "1841"]
[BlackElo "367"]
[PlyCount "71"]

1. d4 d5 2. c4 c6 3. cxd5 cxd5 4. Nc3 Nc6 5. Nf3 Nf6 6. Bf4 a6 7. a3 Bf5 8. h3
e6 9. e3 Be7 10. Be2 O-O 11. O-O Rc8 12. Rc1 Na5 13. Nh4 Be4 14. f3 Bf5 15.
Nxf5 exf5 16. b4 Nc4 17. Bxc4 dxc4 18. e4 Nh5 19. Bh2 f4 20. Qd2 b5 21. Rcd1
Ng3 22. Rfe1 Bh4 23. Bxg3 Bxg3 24. Re2 Qg5 25. e5 Rcd8 26. Ne4 Qe7 27. Nc5 Rc8
28. Qc3 Qh4 29. Nxa6 Rc6 30. Nc5 Re8 31. d5 Rg6 32. Kf1 f6 33. e6 f5 34. d6 Qd8
35. d7 Re7 36. Nb7 1-0

[Event "Sydney International Open"]
[Site "*"]
[Date "2007.04.11"]
[Round "2.69"]
[White "Anton, Sarah"]
[Black "Harris, Benjamin"]
[Result "0-1"]
[WhiteElo "754"]
[BlackElo "1819"]
[PlyCount "40"]

1. e4 c5 2. Nf3 e6 3. d4 cxd4 4. Nxd4 Nf6 5. Nc3 Nc6 6. Be2 Bb4 7. f3 O-O 8.
Ndb5 d5 9. O-O a6 10. exd5 exd5 11. Nd4 Qe7 12. Kh1 Nxd4 13. Qxd4 Bxc3 14. Qxc3
Qxe2 15. Re1 Qc4 16. Qd2 Bf5 17. c3 Rfe8 18. Rxe8+ Rxe8 19. h3 Qf1+ 20. Kh2 Re2
0-1

[Event "Sydney International Open"]
[Site "*"]
[Date "2007.04.11"]
[Round "3.1"]
[White "Ansell, Simon"]
[Black "Mikhalevski, Victor"]
[Result "1-0"]
[WhiteElo "2402"]
[BlackElo "2590"]
[PlyCount "139"]

1. e4 c5 2. Nf3 e6 3. d4 cxd4 4. Nxd4 a6 5. Bd3 Qc7 6. O-O b5 7. a4 b4 8. Be3
Bb7 9. Nd2 Nf6 10. f4 Nc6 11. N4b3 Be7 12. Qf3 O-O 13. Qh3 g6 14. Rae1 h5 15.
Kh1 Ng4 16. Bg1 f5 17. Nc5 Nce5 18. Nxb7 Nxd3 19. Qxd3 Qxb7 20. Nf3 Rac8 21.
Nd4 Rf7 22. Rf3 h4 23. e5 Rg7 24. h3 Nh6 25. Qb3 Nf7 26. Rd3 g5 27. fxg5 Bxg5
28. Nf3 Bf4 29. Bh2 Bxh2 30. Kxh2 Rc5 31. Nxh4 Qc7 32. Rg3 Rxe5 33. Rxg7+ Kxg7
34. Qg3+ Kf6 35. Ng6 Rc5 36. Nf4 Rc4 37. Qh4+ Kg7 38. Rf1 Kf8 39. Rf2 Re4 40.
Qg3 Qd6 41. h4 Ke8 42. h5 Ne5 43. Qg8+ Qf8 44. Qg5 Qh6 45. Qxh6 Ng4+ 46. Kg3
Nxh6 47. Nd3 Rc4 48. Rf4 Rxc2 49. Rxb4 Ke7 50. Rb6 Ng4 51. Rxa6 Rd2 52. Nc5 d6
53. Ra7+ Kf6 54. Ne4+ fxe4 55. Kxg4 Rxg2+ 56. Kf4 Rxb2 57. h6 Rh2 58. h7 d5 59.
a5 Rh3 60. Kg4 Rh1 61. Rb7 d4 62. a6 d3 63. a7 d2 64. Rb1 Rxb1 65. h8=Q+ Kf7
66. Qh7+ Kf6 67. Qh6+ Ke7 68. Qxd2 Ra1 69. Qb4+ Kf6 70. Qb2+ 1-0

[Event "Sydney International Open"]
[Site "*"]
[Date "2007.04.11"]
[Round "3.2"]
[White "Timoshenko, Georgy"]
[Black "Sales, Jesse Noel"]
[Result "1-0"]
[WhiteElo "2566"]
[BlackElo "2361"]
[PlyCount "80"]

1. e4 e5 2. Nf3 Nc6 3. Bb5 a6 4. Ba4 Nf6 5. O-O b5 6. Bb3 Be7 7. a4 Rb8 8. axb5
axb5 9. Re1 d6 10. c3 O-O 11. d4 exd4 12. cxd4 Bg4 13. Be3 d5 14. e5 Ne4 15. h3
Bh5 16. g4 Bg6 17. Nh2 f5 18. exf6 Bxf6 19. Nc3 Nb4 20. Nxe4 Bxe4 21. Bd2 Nd3
22. Rxe4 Nxb2 23. Qe2 Nc4 24. Rf4 c5 25. Nf3 Nxd2 26. Qxd2 c4 27. Bc2 b4 28. g5
Be7 29. Rxf8+ Qxf8 30. Ne5 Rb7 31. Ba4 Ra7 32. Qd1 Qf4 33. Bc6 Qxg5+ 34. Kf1
Rxa1 35. Bxd5+ Kf8 36. Qxa1 c3 37. Qa8+ Bd8 38. Nf7 Qe7 39. Qc6 g6 40. Bb3 Kg7
{cannot work out next move, Black resigned on move 44.} 1-0

[Event "Sydney International Open"]
[Site "*"]
[Date "2007.04.11"]
[Round "3.7"]
[White "Johansen, Darryl K"]
[Black "Steadman, Michael"]
[Result "1-0"]
[WhiteElo "2456"]
[BlackElo "2273"]
[PlyCount "99"]

1. Nf3 Nf6 2. c4 e6 3. g3 b6 4. Bg2 Bb7 5. O-O Be7 6. d4 O-O 7. Nc3 Na6 8. Bf4
c5 9. d5 exd5 10. cxd5 d6 11. e4 Nc7 12. a3 Re8 13. Re1 Nh5 14. Be3 g6 15. Rc1
Bf6 16. Nd2 Qd7 17. g4 Ng7 18. g5 Bd8 19. b4 f5 20. gxf6 Bxf6 21. Qb3 Rab8 22.
Ne2 Ba6 23. Ng3 h5 24. f4 h4 25. Nh1 Qf7 26. Nf2 Kh7 27. Nf3 Kh8 28. Bd2 Nh5
29. e5 Be7 30. exd6 Bxd6 31. Ng5 Qf8 32. Qb2+ Kg8 33. Ng4 Bc8 34. Rxe8 Nxe8 35.
Ne5 Nxf4 36. Rf1 Ne2+ 37. Kh1 Qg7 38. Ngf7 h3 39. Nh6+ Kh7 40. Rf7 hxg2+ 41.
Kxg2 Nd4 42. Rxg7+ Kxg7 43. Nc6 Rb7 44. Nxd4 cxd4 45. Qxd4+ Kh7 46. Ng4 Rf7 47.
Bc3 Rf8 48. Ne5 g5 49. Nc4 Bf4 50. Qe4+ 1-0

[Event "Sydney International Open"]
[Site "*"]
[Date "2007.04.11"]
[Round "3.8"]
[White "Rej, Tomek"]
[Black "Antic, Dejan"]
[Result "0-1"]
[WhiteElo "2260"]
[BlackElo "2443"]
[PlyCount "80"]

1. d4 g6 2. c4 Bg7 3. e4 d6 4. Nf3 Nf6 5. Nc3 O-O 6. Be2 e5 7. O-O Na6 8. Be3
c6 9. h3 exd4 10. Nxd4 Re8 11. Bf3 Nc5 12. Qc2 Qe7 13. Bg5 Qe5 14. Bxf6 Bxf6
15. Rad1 a5 16. Rfe1 a4 17. Nce2 Bd7 18. Ng3 Qg5 19. Qd2 Qxd2 20. Rxd2 h5 21.
Rdd1 Be5 22. Nge2 Ra6 23. a3 Rb6 24. Rd2 Bg7 25. Nc3 Bh6 26. Rde2 Kf8 27. Rd1
Bg5 28. Kh2 h4 29. Bg4 Bf4+ 30. Kg1 Bxg4 31. hxg4 Be5 32. Nf3 Bxc3 33. bxc3
Rxe4 34. Rxe4 Nxe4 35. Nxh4 Rb3 36. f3 Nxc3 37. Rxd6 Ke7 38. c5 Rxa3 39. f4
Ra1+ 40. Kh2 Rd1 0-1

[Event "Sydney International Open"]
[Site "*"]
[Date "2007.04.11"]
[Round "3.12"]
[White "Vlietstra, Marc"]
[Black "Toth, Andras"]
[Result "1-0"]
[WhiteElo "2022"]
[BlackElo "2408"]
[PlyCount "62"]

1. e4 c5 2. Nf3 d6 3. d4 cxd4 4. Nxd4 Nf6 5. Nc3 Nc6 6. Be2 e5 7. Nb3 a5 8. a4
Be6 9. Bg5 Be7 10. Bxf6 Bxf6 11. Nd5 Bg5 12. Bg4 O-O 13. h4 Bxh4 14. Nd2 Bg5
15. Ra3 Bxd2+ 16. Qxd2 Bxg4 17. Rg3 f5 18. f3 Nd4 19. fxg4 f4 20. Rgh3 h6 21.
c3 Ne6 22. Qe2 Ng5 23. Rh5 Rc8 24. Qb5 Rf7 25. Qb3 Kf8 26. Qa3 Rc5 27. b4 Rc4
28. bxa5 Rxe4+ 29. Kf1 f3 30. gxf3 Rxf3+ 31. Kg2 Rxg4+ 1-0

[Event "Sydney International Open"]
[Site "*"]
[Date "2007.04.11"]
[Round "3.14"]
[White "Shipov, Sergei"]
[Black "Illingworth, Max"]
[Result "1-0"]
[WhiteElo "2592"]
[BlackElo "2007"]
[PlyCount "95"]

1. d4 Nf6 2. c4 g6 3. Nc3 Bg7 4. e4 d6 5. Nf3 O-O 6. Be2 e5 7. Be3 Na6 8. O-O
Ng4 9. Bg5 Qe8 10. dxe5 dxe5 11. Nd2 f6 12. Bh4 h5 13. h3 Nh6 14. a3 Be6 15. b4
Rd8 16. Qc2 Nb8 17. Nb3 Nc6 18. Nd5 Rf7 19. Rad1 Kh7 20. f4 exf4 21. Rxf4 Ng8
22. Rdf1 Qf8 23. Nc5 Bc8 24. Bxh5 Ne5 25. Nd3 Re8 26. Be2 c6 27. Nc3 g5 28.
Bxg5 fxg5 29. Rxf7 Nxf7 30. e5 Kh8 31. Bh5 Ngh6 32. Ne4 Bxe5 33. Nxe5 Rxe5 34.
Bxf7 Qg7 35. Nd6 Bd7 36. Bh5 Re7 37. Qd2 Qe5 38. c5 Be6 39. Re1 Qg7 40. Ne8
Rxe8 41. Bxe8 Bd5 42. Bh5 Nf5 43. Re8+ Bg8 44. Bg4 Nd4 45. Rd8 Nb3 46. Rxg8+
Qxg8 47. Qc3+ Kh7 48. Bf5+ 1-0

[Event "Sydney International Open"]
[Site "*"]
[Date "2007.04.11"]
[Round "3.15"]
[White "Zhao, Zong-Yuan"]
[Black "Munoz, Contreras Nelson"]
[Result "1-0"]
[WhiteElo "2476"]
[BlackElo "2117"]
[PlyCount "75"]

1. e4 c5 2. Nf3 e6 3. d4 cxd4 4. Nxd4 a6 5. c4 Nc6 6. Nc3 Bc5 7. Nxc6 bxc6 8.
Bd3 Ne7 9. O-O d6 10. b3 O-O 11. Bb2 e5 12. Na4 Bd4 13. Bxd4 exd4 14. c5 dxc5
15. Nxc5 Ng6 16. f4 Qd6 17. Qc1 f6 18. Qc4+ Kh8 19. g3 Bh3 20. Rf2 a5 21. Rc1
Rfe8 22. Na4 Ne7 23. Qc5 Qxc5 24. Rxc5 g6 25. Rd2 Red8 26. Kf2 Be6 27. Bc4 Bh3
28. e5 fxe5 29. Rxe5 Nf5 30. Be6 h5 31. Nc5 Rab8 32. Ne4 h4 33. Ng5 hxg3+ 34.
hxg3 Bg4 35. Nf7+ Kg7 36. Nxd8 Rxd8 37. Rxa5 Rh8 38. Bxf5 1-0

[Event "Sydney International Open"]
[Site "*"]
[Date "2007.04.11"]
[Round "3.20"]
[White "Dragicevic, Domagoj"]
[Black "Christensen, Joshua"]
[Result "0-1"]
[WhiteElo "2196"]
[BlackElo "1605"]
[PlyCount "110"]

1. e4 c5 2. Nc3 d6 3. g3 Nf6 4. Bg2 g6 5. d3 Bg7 6. h3 O-O 7. Be3 Nbd7 8. Nge2
Rb8 9. O-O b5 10. Qd2 b4 11. Nd1 a5 12. f4 a4 13. a3 Qa5 14. g4 Bb7 15. Ng3 Qb5
16. Rf2 Ne8 17. c3 bxc3 18. bxc3 Nc7 19. Qc1 Qa5 20. Qc2 Bc6 21. Bd2 Rb3 22.
Ne3 Rfb8 23. Ra2 Qa8 24. Ngf1 Nb5 25. Nd1 Nxa3 26. Qc1 Rb1 27. Qxa3 R8b3 28.
Nde3 Rxa3 29. Rxa3 Rb3 30. Nc4 Rxa3 31. Nxa3 Qb7 32. Nc4 Qb1 33. Rf3 Qa1 34.
Re3 Bxc3 35. Re1 Bd4+ 36. Kh2 Qa2 37. Nfe3 Qb3 38. Bf1 a3 39. Na5 Qa4 40. Nxc6
Qxc6 41. Nd5 Kf8 42. Nc3 Nb6 43. Ra1 Bxc3 44. Bxc3 Qa4 45. Rc1 Qb3 46. Ba1 a2
47. Be2 Qb1 48. Rg1 Na4 49. f5 Nb2 50. fxg6 hxg6 51. e5 dxe5 52. Rf1 Nxd3 53.
Rd1 Nc1 54. Bxe5 f6 55. Rd8+ Kg7 0-1

[Event "Sydney International Open"]
[Site "*"]
[Date "2007.04.11"]
[Round "3.22"]
[White "Zulfic, Fedja"]
[Black "Chokshi, Manthan"]
[Result "0-1"]
[WhiteElo "1895"]
[BlackElo "2168"]
[PlyCount "84"]

1. d4 d5 2. Nf3 e6 3. e3 c6 4. c4 f5 5. Bd3 Nf6 6. O-O Bd6 7. b3 O-O 8. Ba3
Bxa3 9. Nxa3 Ne4 10. Ne5 Nd7 11. Nxd7 Bxd7 12. Nb1 Be8 13. Nd2 Rf6 14. Nxe4
fxe4 15. Be2 Rh6 16. f3 Qh4 17. h3 Rg6 18. Kh1 Qg5 19. Rg1 Qxe3 20. fxe4 dxe4
21. Bg4 Rf6 22. Re1 Qf4 23. Rf1 Qg5 24. Qe2 Bg6 25. Rxf6 Qxf6 26. Rf1 Qxd4 27.
Bxe6+ Kh8 28. Bf7 Rf8 29. Rd1 Qe5 30. Bxg6 hxg6 31. Re1 e3 32. Qd3 Re8 33. Qxg6
e2 34. Qf7 Re6 35. Qf2 Kg8 36. Kg1 a5 37. a3 Qb2 38. b4 a4 39. Qf3 Qd4+ 40. Qf2
Qxc4 41. Qg3 Rf6 42. Qb8+ Kh7 0-1

[Event "Sydney International Open"]
[Site "*"]
[Date "2007.04.11"]
[Round "3.29"]
[White "Stojic, Svetozar"]
[Black "Dowden, Tony"]
[Result "1-0"]
[WhiteElo "1991"]
[BlackElo "2190"]
[PlyCount "101"]

1. e4 e6 2. d4 d5 3. e5 c5 4. c3 Nc6 5. Nf3 Bd7 6. a3 Nge7 7. Bd3 cxd4 8. cxd4
Nf5 9. Bxf5 exf5 10. Nc3 Be6 11. O-O Be7 12. Be3 O-O 13. b4 Rc8 14. Rc1 f6 15.
Qd2 Kh8 16. Rfe1 Bg8 17. Ne2 Qd7 18. Nf4 g5 19. b5 Nb8 20. exf6 Bxf6 21. Nh5 f4
22. Bxf4 gxf4 23. Qxf4 Rxc1 24. Rxc1 Qf7 25. Qxf6+ Qxf6 26. Nxf6 Rxf6 27. Rc8
Nd7 28. Rc7 Rf7 29. Rxb7 Ne5 30. Rxf7 Nxf7 31. a4 Nd6 32. Ne5 Be6 33. Nc6 Nc8
34. a5 Bd7 35. Nxa7 Nxa7 36. b6 Nc6 37. a6 Bc8 38. b7 Bxb7 39. axb7 Kg7 40. f4
h5 41. h3 h4 42. g4 hxg3 43. Kg2 Kg6 44. Kxg3 Kf5 45. h4 Nb8 46. Kf3 Nc6 47.
Kg3 Nb8 48. h5 Nc6 49. Kf2 Nb8 50. Ke3 Kf6 51. Kd3 1-0

[Event "Sydney International Open"]
[Site "*"]
[Date "2007.04.11"]
[Round "3.31"]
[White "Davis, Tony J"]
[Black "Wallis, Christopher"]
[Result "0-1"]
[WhiteElo "1978"]
[BlackElo "2178"]
[PlyCount "64"]

1. d4 d5 2. Nc3 Nf6 3. Bg5 Nbd7 4. f3 c6 5. e4 dxe4 6. fxe4 e5 7. Nf3 exd4 8.
Qxd4 Bc5 9. Qd3 Qe7 10. O-O-O O-O 11. h3 Re8 12. Bh4 Bb4 13. Re1 Nc5 14. Qd4
Bxc3 15. Qxc3 Ncxe4 16. Qa5 b6 17. Qa4 Qd6 18. Kb1 Bf5 19. Bd3 Nc5 20. Rxe8+
Nxe8 21. Qa3 Nxd3 22. Qxd6 Nxd6 23. Rd1 Be4 24. cxd3 Bxf3 25. gxf3 Nf5 26. Bf2
Re8 27. Rd2 Re6 28. d4 Rh6 29. Kc2 Rxh3 30. d5 cxd5 31. Rxd5 g6 32. Be1 Ne3+
0-1

[Event "Sydney International Open"]
[Site "*"]
[Date "2007.04.11"]
[Round "3.32"]
[White "Yu, Ronald"]
[Black "Guo-Yuthok, Sherab"]
[Result "1-0"]
[WhiteElo "2177"]
[BlackElo "1877"]
[PlyCount "67"]

1. e4 e5 2. Nf3 Nc6 3. Bc4 d6 4. Nc3 Be7 5. d4 Bg4 6. d5 Nb8 7. h3 Bd7 8. Be3
Nf6 9. g4 a6 10. g5 Nh5 11. Qd2 b5 12. Bb3 a5 13. a4 b4 14. Ne2 Na6 15. O-O-O
c5 16. dxc6 Bxc6 17. Qd3 Qc7 18. Nd2 g6 19. Nc4 Nc5 20. Bxc5 dxc5 21. h4 O-O
22. Qe3 Kh8 23. Rhf1 f6 24. gxf6 Nxf6 25. Ng3 Ng4 26. Qe2 Bd7 27. h5 Nh2 28.
Rxd7 Qxd7 29. Rh1 Ng4 30. hxg6 Bg5+ 31. Kb1 Rxf2 32. Qxg4 Qxg4 33. Rxh7+ Kg8
34. Nxe5+ 1-0

[Event "Sydney International Open"]
[Site "*"]
[Date "2007.04.11"]
[Round "3.33"]
[White "Ilic, Ilija"]
[Black "Rachmadi, Herman"]
[Result "0-1"]
[WhiteElo "2170"]
[BlackElo "1862"]
[PlyCount "85"]

1. d4 d5 2. Nc3 Nf6 3. Bf4 e6 4. Qd2 a6 5. f3 c5 6. e3 Nc6 7. Nge2 Nh5 8. Be5
f6 9. Bg3 Nxg3 10. hxg3 b5 11. a3 Qc7 12. f4 f5 13. Ng1 Be7 14. Nf3 Bd7 15. Be2
Qb6 16. Rd1 c4 17. g4 b4 18. axb4 Bxb4 19. gxf5 exf5 20. Ne5 Be6 21. Ng6 Rg8
22. Rxh7 O-O-O 23. Kf2 Bf7 24. Ne5 Be6 25. Ra1 Qb7 26. Qe1 Nb8 27. Na4 Nd7 28.
Nxd7 Bxd7 29. c3 Bd6 30. b4 Bb5 31. Nc5 Bxc5 32. bxc5 Qf7 33. Bf3 Qe6 34. Qh1
Rde8 35. Re1 Ba4 36. g3 Bc6 37. Qh5 Re7 38. Rh8 Rxh8 39. Qxh8+ Kd7 40. Re2 Bb7
41. Qh1 Bc6 42. Qh4 Re8 43. g4 {Unfortunately I cannot work out the next few
moves. Black went on to win on move 82.} 0-1

[Event "Sydney International Open"]
[Site "*"]
[Date "2007.04.11"]
[Round "3.34"]
[White "Atzmon-Simon, Barak"]
[Black "Dunlop, Gordon"]
[Result "1-0"]
[WhiteElo "2157"]
[BlackElo "1859"]
[PlyCount "77"]

1. f4 c5 2. Nf3 Nc6 3. e4 d6 4. Be2 g6 5. O-O Bg7 6. c3 e6 7. Kh1 Nge7 8. d4
cxd4 9. cxd4 O-O 10. Nc3 b6 11. Be3 Bb7 12. Qd2 Rc8 13. Rac1 f5 14. Ng5 Qd7 15.
d5 exd5 16. exd5 Nd8 17. Bb5 Qc7 18. Ne2 Qb8 19. Rxc8 Bxc8 20. Bd4 h6 21. Nf3
Bb7 22. Bc4 Qa8 23. Nc3 Nf7 24. Re1 Qd8 25. Bxg7 Kxg7 26. Nd4 Bc8 27. Ne6+ Bxe6
28. Qd4+ Kh7 29. dxe6 Nh8 30. Nd5 Nxd5 31. Qxd5 Qe7 32. Bb5 Rf6 33. Bc4 Rf8 34.
Rd1 Rd8 35. Bb3 Kg7 36. Rc1 h5 37. Rc6 Kh6 38. Qd4 Kh7 39. Qc3 1-0